Hetvenéves
Elmentve itt :
| Dokumentumtípus: | Cikk |
|---|---|
| Megjelent: |
1999-05-13
|
| Sorozat: | Délmagyarország
89 No. 110 |
| Kulcsszavak: | Vincze Irén |
| Online Access: | http://dmarchiv.bibl.u-szeged.hu/80439 |
| LEADER | 00379nab a2200145 i 4500 | ||
|---|---|---|---|
| 001 | delm80439 | ||
| 005 | 20191024091603.0 | ||
| 008 | 191024s1999 hu o 0|| hun d | ||
| 040 | |a SZTE Délmagyarország Archívum |b hun | ||
| 041 | |a hun | ||
| 245 | 0 | 0 | |a Hetvenéves |h [elektronikus dokumentum] |
| 260 | |c 1999-05-13 | ||
| 300 | |a 4 | ||
| 490 | 0 | |a Délmagyarország |v 89 No. 110 | |
| 695 | |a Vincze Irén | ||